Statistics for Metals Used In U.S. Coinage

Click here to take the quiz!

General Stats

  • This quiz has been taken 7,460 times
  • The average score is 6 of 8

Answer Stats

Element% Correct
Copper
98%
Gold
97%
Silver
97%
Nickel
86%
Zinc
75%
Platinum
67%
Palladium
25%
Manganese
24%

Score Distribution

Percentile by Number Answered

Percent of People with Each Score

Your Score History

You have not taken this quiz